[Event "Split rapid op 6th"]
[Site "Split"]
[Date "2024.08.08"]
[Round "6"]
[White "Rudolfi, Bruno"]
[Black "Kurtovic, Darko"]
[Result "0-1"]
[WhiteElo "1715"]
[BlackElo "1900"]
[PlyCount "58"]
[EventDate "2024.08.08"]
[EventType "swiss (rapid)"]
[EventRounds "7"]
[EventCountry "CRO"]
[SourceTitle "CBM 221 Extra"]
[Source "ChessBase"]
[SourceDate "2024.09.30"]
[SourceVersion "1"]
[SourceVersionDate "2024.09.30"]
[SourceQuality "1"]

1. b3 d5 2. Bb2 Bg4 3. Nf3 Bxf3 4. exf3 e6 5. Nc3 Nf6 6. Bb5+ c6 7. Be2 Bd6 8. d3 d4 9. Ne4 Bb4+ 10. c3 Nxe4 11. dxe4 dxc3 12. Qxd8+ Kxd8 13. Rd1+ Ke7 14. 0-0 cxb2 15. Bc4 b5 16. Bd3 a5 17. Bb1 Na6 18. f4 Rhd8 19. Rd3 Rxd3 20. Bxd3 Rd8 21. Bb1 c5 22. g4 c4 23. f3 c3 24. h4 Rd2 25. a3 c2 26. axb4 c1Q 27. bxa5 Rd1 28. Bd3 Rxf1+ 29. Bxf1 b1Q 0-1